=LDR 00000nam 2200000 4500 =001 NUTBA000000000002003 =005 20200407112211 =035 ##$$a 0010-051400000000468 =008 200407################g##########0#ind## =020 ##$$a 979-3654-15-5 =082 ##$$a 2X0.06 =100 ##$$a Netty Hartati =245 1#$$a Islam dan psikologi /$c Dra. Netty Hartati, M.Si. =250 ##$$a cet.1 =260 ##$$a Jakarta :$b Raja Grafindo Persada,$c 2004 =300 ##$$a xii,199 hlm. ; $c 20 x 13 cm =850 ##$$a NBPNMAT =084 ##$$a 2X0.06 NET i =650 #4$$a Islam - Psikologi =990 ##$$a 20611240 =990 ##$$a 20801746 =990 ##$$a 20801743 =990 ##$$a 206011243